000 00674nam a2200229 i 4500
001 C2-0315948
003 PPAK
005 20180728111817.0
008 120711s2011 my a|||| ||||| | eng d
020 _a9789831734346
040 _aPPAK
_beng
_cPPAK
_erda
082 0 4 _a428.1
_223
090 0 0 _a428.1
_bKID
_dRK
245 0 0 _aKid's third dictionary of 2000 words for age 7-8 years
264 1 _aKuala Lumpur :
_bEdukid Distributors ,
_c2011
300 _a208 pages :
_bcolour illustrations ;
_c35 cm
336 _2rdacontent
_atext
337 _2rdamedia
_aunmediated
338 _2rdacarrier
_avolume
650 1 0 _aEnglish language - Word formation
942 _ddc
_cB
999 _c117096
_d117096